000 00843nam a2200253Ia 4500
003 OSt
005 20220918165541.0
006 a|||||r|||| 00| 0
007 ta
008 220917b |||||||| |||| 00| 0 eng d
020 _a8126907622 (hbk)
_c275
024 _a233,915
037 _b2968, 22/02/2008, Bharat Scientific Syndicate
_cTextual
040 _aARTS
_cARTS
_beng
041 _2eng
_aeng
082 _aV2:1944Q7,(zM).N65, P7
100 _aPradhan R D
_924770
245 0 _a1965 war the inside story
_b defence minister Y.B. Chavan's diary of India - Pakistan war
260 _aNew Delhi
_bAtlantic India
_c2007
300 _axviii, 141p.
_ccm.
650 _aHISTORY
942 _hV2:1944Q7,(zM).N65, P7
_cTEXL
_2CC
999 _c130353
_d130353